Normal view
MARC view
Entry Personal Name
001 - CONTROL NUMBER
- control field: 224191
003 - CONTROL NUMBER IDENTIFIER
- control field: OSt
005 - DATE AND TIME OF LATEST TRANSACTION
- control field: 20250729165442.0
008 - FIXED-LENGTH DATA ELEMENTS
- fixed length control field: 250729|| aca||aabn | a|a d
040 ## - CATALOGING SOURCE
- Original cataloging agency: OSt
- Transcribing agency: OSt
100 ## - HEADING--PERSONAL NAME
- Personal name: ಲೋಕಾಪೂರ ಐ ಎ
670 ## - SOURCE DATA FOUND
- Source citation: Work cat.: (OSt)236288: ಲೋಕಾಪೂರ ಐ ಎ, ಪ್ರೌಢ ಶಿಕ್ಶಣ ಹಾಗೂ ಶಿಕ್ಶಕನ ಕಾರ್ಯಗಳು, 2005